Sports Quiz

Random Sports or NBA Quiz

NBA - Snapshots (Points) Quiz Stats

Quiz not verified by Sporcle

Challenge
Share
Tweet
Embed
Score 0/200 Timer 12:00
0 Plays Today
Year Player % Correct
2005LeBron james
98%
2010LeBron James
98%
2005Kobe Bryant
97.4%
2010Kobe Bryant
97.4%
1985Michael Jordan
96.5%
1990Michael Jordan
96.5%
2005Dwyane Wade
96.3%
2010Dwyane Wade
96.3%
1995Shaquille O'Neal
96.2%
2000Shaquille O'Neal
96.2%
2005Shaquille O'Neal
96.2%
2005Dirk Nowitzki
96.2%
2010Dirk Nowitzki
96.2%
2000Allen Iverson
95.6%
2005Allen Iverson
95.6%
2010Kevin Durant
95.4%
1990Magic Johnson
95.3%
1980Marques Johnson
95.2%
2010Joe Johnson
95.2%
1965Gus Johnson
95.2%
1985Eddie Johnson
95.2%
1980Moses Malone
94.2%
1985Moses Malone
94.2%
1990Karl Malone
94.2%
1995Karl Malone
94.2%
2000Karl Malone
94.2%
1990Jeff Malone
94.1%
2000Vince Carter
94.1%
2005Vince Carter
94.1%
1975Fred Carter
94%
2010Carmelo Anthony
92.5%
2000Kevin Garnett
91.9%
2005Kevin Garnett
91.9%
1970Flynn Robinson
91.6%
1990David Robinson
91.6%
1995David Robinson
91.6%
1995Glenn Robinson
91.6%
1995Clifford Robinson
91.6%
2000Glenn Robinson
91.6%
2005Amare Stoudemire
91.5%
2010Amare Stoudemire
91.5%
2005Tracy McGrady
91.4%
1965Wilt Chamberlain
91.4%
1980Larry Bird
90.3%
1985Larry Bird
90.3%
1990Larry Bird
90.3%
1970Kareem Abdul-Jabbar
89.7%
1975Kareem Abdul-Jabbar
89.7%
1980Kareem Abdul-Jabbar
89.7%
1985Kareem Abdul-Jabbar
89.7%
2000Ray Allen
89.3%
2005Ray Allen
89.3%
2010Chris Bosh
89%
2005Paul Pierce
88.6%
1985Hakeem Olajuwon
88.3%
1990Hakeem Olajuwon
88.3%
1995Hakeem Olajuwon
88.3%
1990Patrick Ewing
88.2%
1995Patrick Ewing
88.2%
2005Gilbert Arenas
87.5%
2010Dwight Howard
87.1%
2000Tim Duncan
85.9%
1965Jerry West
85.8%
1970Jerry West
85.8%
1995Gary Payton
84.7%
2000Gary Payton
84.7%
2010Derrick Rose
83.9%
Year Player % Correct
1990Charles Barkley
83.3%
1995Charles Barkley
83.3%
1990Reggie Miller
83.3%
1995Reggie Miller
83.3%
1985Dominique Wilkins
82.8%
1990Dominique Wilkins
82.8%
2010Monta Ellis
82.8%
1995Scottie Pippen
82.2%
2000Chris Webber
82%
1965Oscar Robertson
79.8%
1970Oscar Robertson
79.8%
1990Clyde Drexler
77.9%
1995Clyde Drexler
77.9%
2010Stephen Jackson
75.7%
1980George Gervin
74.8%
1980Julius Erving
74.3%
2005Michael Redd
74.1%
2010David Lee
73.9%
1995Alonzo Mourning
73.4%
2000Alonzo Mourning
73.4%
2010Zach Randolph
72.9%
1995Anfernee Hardaway
72.4%
2010Rudy Gay
72.1%
2000Grant Hill
71.7%
1985Isiah Thomas
71.5%
1965Elgin Baylor
69.1%
2000Elton Brand
68.9%
2005Elton Brand
68.9%
1980Walter Davis
68.5%
1965Sam Jones
67.8%
1965John Havlicek
67.1%
1970John Havlicek
67.1%
1975John Havlicek
67.1%
2000Jerry Stackhouse
67%
1985Alex English
66.9%
1970Chet Walker
66.8%
2000Antoine Walker
66.8%
2000Stephon Marbury
66.8%
2005Stephon Marbury
66.8%
1970Jimmy Walker
66.8%
1990Kevin McHale
65.9%
2005Shawn Marion
65.2%
2010Brook Lopez
64%
1990Chris Mullin
62.9%
2000Allan Houston
61.9%
1965Adrian Smith
61.8%
1985Derek Smith
61.7%
1980Gus Williams
60.3%
1980Ray Williams
60.3%
1965Willis Reed
59.8%
1970Willis Reed
59.8%
1975Rick Barry
59.2%
1970Elvin Hayes
58.7%
1975Elvin Hayes
58.7%
1980Elvin Hayes
58.7%
1990Mitch Richmond
58.4%
1995Mitch Richmond
58.4%
2005Mike Bibby
57.6%
1975Bob McAdoo
57%
1975Walt Frazier
56.4%
2010Tyreke Evans
56%
1985Bernard King
54.5%
1990Bernard King
54.5%
2000Michael Finley
54.4%
1980Adrian Dantley
54.3%
2005Jason Richardson
54%
1995Glen Rice
52%
Year Player % Correct
1975Pete Maravich
50.9%
2005Steve Francis
50.3%
2000Shareef Abdur-Rahim
49.1%
1985Tom Chambers
48.9%
1990Tom Chambers
48.9%
2010Aaron Brooks
46.7%
1975Tiny Archibald
44.2%
1970Earl Monroe
41.9%
1975Earl Monroe
41.9%
1995Jamal Mashburn
40.6%
1985Mark Aguirre
39.2%
1995Detlef Schrempf
38.2%
1985Ralph Sampson
36.2%
1965Lenny Wilkens
35.3%
1975Bob Lanier
35.1%
2010Corey Maggette
34.1%
1970Bob Love
34%
1965Jerry Lucas
33.4%
1965Hal Greer
33.3%
1970Hal Greer
33.3%
2000Antonio McDyess
30.8%
1965Walt Bellamy
29.9%
1980World B. Free
29.9%
1970Billy Cunningham
28.6%
1975Billy Cunningham
28.6%
1985Terry Cummings
28.5%
1990Terry Cummings
28.5%
1975Gail Goodrich
28.1%
1975Fred Brown
27.5%
1965Nate Thurmond
27%
1970Connie Hawkins
26.3%
1965Dave DeBusschere
25.9%
1980Dan Issel
25.3%
1980Reggie Theus
20.9%
1980Jamaal Wilkes
20.1%
1980Paul Westphal
20.1%
1975Charlie Scott
19.3%
1975Spencer Haywood
19.1%
1970Lou Hudson
18.5%
1985Orlando Woolridge
17.7%
1995Isaiah Rider
17.2%
1975Bob Dandridge
16.7%
1975Rudy Tomjanovich
14.7%
1980Mike Mitchell
14.4%
1985Mike Mitchell
14.4%
1985Darrell Griffith
14.2%
1985Purvis Short
13.4%
1990Tony Campbell
12.8%
1995Dana Barros
12.7%
1980Bill Cartwright
12.6%
1990Wayman Tisdale
11.4%
1965Bailey Howell
9.6%
1975Sidney Wicks
9.4%
1980Otis Birdsong
9.2%
1970Dick Van Arsdale
9%
1970Jeff Mullins
5.8%
1975Phil Chenier
5.7%
1985Calvin Natt
5.3%
1965Jim Barnes
3.7%
1965Zelmo Beaty
3.3%
1970Bob Rule
2.4%
1980Mike Newlin
2.3%
1965Terry Dischinger
1.6%
1965Don Ohl
1.6%
1970Joe Caldwell
1.6%
1970Clem Haskins
1.1%

You're not logged in!

Compare scores with friends on all Sporcle quizzes.
Sign Up with Email
OR
Log In

You Might Also Like...

Show Comments

Extras

Top Quizzes Today


Score Distribution

Your Account Isn't Verified!

In order to create a playlist on Sporcle, you need to verify the email address you used during registration. Go to your Sporcle Settings to finish the process.

Report this User

Report this user for behavior that violates our Community Guidelines.

Details: